Dictionary Of Scientists (Record no. 577987)

MARC details
000 -LEADER
fixed length control field 00292nam a22001217a 4500
008 - FIXED-LENGTH DATA ELEMENTS--GENERAL INFORMATION
fixed length control field 250730b |||||||| |||| 00| 0 eng d
020 ## - INTERNATIONAL STANDARD BOOK NUMBER
ISBN 9780521561853
Paper back/Hardbound hbk
082 ## - DEWEY DECIMAL CLASSIFICATION NUMBER
Classification number 509.22
Item number MIL
100 ## - MAIN ENTRY--AUTHOR NAME
Personal name David
245 ## - TITLE STATEMENT
Title Dictionary Of Scientists
Statement of responsibility, etc David
942 ## - ADDED ENTRY ELEMENTS (KOHA)
Koha item type Reference
Holdings
Withdrawn status Lost status Damaged status Not for loan Home library Current library Shelving location Date acquired Full call number Accession Number Price effective from Koha item type
        Anna Centenary Library Anna Centenary Library 5TH FLOOR, A WING 30.07.2025 509.22 MIL 103187 30.07.2025 Reference

Find us on the map